MARC details
| 000 -CABECERA |
| campo de control de longitud fija |
00919cam a22002654a 4500 |
| 003 - IDENTIFICADOR DEL NÚMERO DE CONTROL |
| campo de control |
UPN |
| 005 - FECHA Y HORA DE LA ÚLTIMA TRANSACCIÓN |
| campo de control |
20220520161216.0 |
| 008 - ELEMENTOS DE LONGITUD FIJA--INFORMACIÓN GENERAL |
| campo de control de longitud fija |
090211s2000 es r 000 0bspa d |
| 020 ## - NÚMERO INTERNACIONAL NORMALIZADO PARA LIBROS |
| Número Internacional Estándar del Libro |
8478713530 |
| 035 ## - NÚMERO DE CONTROL DEL SISTEMA |
| Número de control de sistema |
UPN01000169170 |
| 040 ## - FUENTE DE LA CATALOGACIÓN |
| Centro catalogador/agencia de origen |
UPN |
| Lengua de catalogación |
spa |
| Centro/agencia transcriptor |
UPN |
| 049 ## - COLECCIÓN |
| Colección |
CG |
| 050 #4 - SIGNATURA TOPOGRÁFICA DE LA BIBLIOTECA DEL CONGRESO |
| Número de clasificación |
GV1051 A7.6 |
| Número de documento/Ítem |
A3 |
| 100 1# - ASIENTO PRINCIPAL--NOMBRE PERSONAL |
| Nombre de persona |
Armstrong, Lance Edward, |
| Fechas asociadas al nombre |
1971- |
| 9 (RLIN) |
44485 |
| 245 10 - MENCIÓN DE TÍTULO |
| Título |
Mi vuelta a la vida : |
| Resto del título |
cómo gané el tour después de superar el cáncer / |
| Mención de responsabilidad, etc. |
Lance Armstrong , Sally Jenkins. |
| 260 ## - PUBLICACIÓN, DISTRIBUCIÓN, ETC. |
| Lugar de publicación, distribución, etc. |
Barcelona, Esp. : |
| Nombre del editor, distribuidor, etc. |
RBA, |
| Fecha de publicación, distribución, etc. |
2000. |
| 300 ## - DESCRIPCIÓN FÍSICA |
| Extensión |
284 p. |
| 534 ## - NOTA SOBRE LA VERSIÓN ORIGINAL |
| Frase introductoria |
Título original: |
| Mención de título del original |
It's not about the bike : my journey back to life |
| 600 14 - ASIENTO SECUNDARIO DE MATERIA - NOMBRE PERSONAL |
| Nombre de persona |
Armstrong, Lance Edward, |
| Fechas asociadas al nombre |
1971- |
| 9 (RLIN) |
44485 |
| 650 #4 - ASIENTO SECUNDARIO DE MATERIA - TERMINO TEMATICO |
| Término de materia o nombre geográfico como elemento de entrada |
Ciclistas |
| Subdivisión geográfica |
Estados Unidos |
| Subdivisión de forma |
Biografía |
| 9 (RLIN) |
44483 |
| 650 #4 - ASIENTO SECUNDARIO DE MATERIA - TERMINO TEMATICO |
| Término de materia o nombre geográfico como elemento de entrada |
Cáncer |
| Subdivisión geográfica |
Estados Unidos |
| Subdivisión de forma |
Biografía |
| 9 (RLIN) |
44484 |
| Subdivisión general |
Pacientes |
| 700 1# - ASIENTO SECUNDARIO--NOMBRE DE PERSONAL |
| Nombre de persona |
Jenkins, Sally, |
| Fechas asociadas al nombre |
1960- |
| Término indicativo de función/relación |
coaut. |
| 9 (RLIN) |
44486 |
| 905 ## - TIPO DE MATERIAL |
| Tipo de material |
Libro |
| 942 ## - ELEMENTOS DE PUNTO DE ACCESO ADICIONAL (KOHA) |
| Fuente del sistema de clasificación o colocación |
Library of Congress Classification |
| Tipo de ítem Koha |
Libro |